Normal view
MARC view
Entry Personal Name
001 - CONTROL NUMBER
- control field: 1234462
003 - CONTROL NUMBER IDENTIFIER
- control field: OSt
005 - DATE AND TIME OF LATEST TRANSACTION
- control field: 20260409120514.0
008 - FIXED-LENGTH DATA ELEMENTS
- fixed length control field: 260409|| aca||aabn | a|a d
040 ## - CATALOGING SOURCE
- Original cataloging agency: OSt
- Transcribing agency: OSt
100 ## - HEADING--PERSONAL NAME
- Personal name: Carolin Amlinger
670 ## - SOURCE DATA FOUND
- Source citation: Work cat.: (OSt)1848163: Carolin Amlinger, Offended Freedom : The Rise of Libertarian Authoritarianism, 2025
